000 00879nam a2200253Ia 4500
003 OSt
005 20220923212353.0
006 a|||||r|||| 00| 0
007 ta
008 220922b |||||||| |||| 00| 0 hin d
024 _a152,433
037 _cTextual
040 _aARTS
_cARTS
_bhin
041 _2hin
_ahin
082 _aO122,3NJO6,TR, 152M7
100 _aजौला, एमील
245 0 _aकहानी एक औरत की, अनु विश्वमित्र शर्मा
246 _aKahānī ek aurat kī, anu0 vishvamitra sharmā
260 _aदिल्ली
_b राजपाल एण्ड संस
_c1987
300 _a188 पृ.
_ccm.
650 _aहिन्दी साहित्य
_9156264
942 _hO122,3NJO6,TR, 152M7
_cTEXL
_2CC
999 _c308082
_d308082